<?xml version="1.0" encoding="UTF-8"?>
<collection xmlns="http://www.loc.gov/MARC21/slim">
 <record>
  <leader>00956pamaa2200241   4500</leader>
  <controlfield tag="001">0000047579</controlfield>
  <controlfield tag="005">20130815090000.0</controlfield>
  <controlfield tag="008">100813                             eng  </controlfield>
  <datafield tag="020" ind1="0" ind2="0">
   <subfield code="a">9787810106825 / 7810106570 </subfield>
  </datafield>
  <datafield tag="090" ind1="0" ind2="0">
   <subfield code="a">RG103 </subfield>
   <subfield code="b">INT 2002</subfield>
  </datafield>
  <datafield tag="240" ind1="0" ind2="0">
   <subfield code="a">Zhong Yi Fu Ke Xue</subfield>
  </datafield>
  <datafield tag="245" ind1="1" ind2="0">
   <subfield code="a">Gynecology of Traditional Chinese Medicine = </subfield>
   <subfield code="l">Zhong Yi Fu Ke Xue  </subfield>
   <subfield code="c">Compiler in Chief Tan Yong; </subfield>
   <subfield code="f">Translator in chief Li Zhaoguo, Cheng Peili.</subfield>
  </datafield>
  <datafield tag="250" ind1="0" ind2="0">
   <subfield code="a">1st ed.</subfield>
  </datafield>
  <datafield tag="260" ind1="0" ind2="0">
   <subfield code="a">Shanghai, China: </subfield>
   <subfield code="b">Publishing House of Shanghai University of Traditional Chinese Medicine, </subfield>
   <subfield code="c">2002.</subfield>
  </datafield>
  <datafield tag="300" ind1=" " ind2=" ">
   <subfield code="a">246p: </subfield>
   <subfield code="b">ill.; </subfield>
   <subfield code="c">26 cm.</subfield>
  </datafield>
  <datafield tag="500" ind1="0" ind2="0">
   <subfield code="a">In Chinese - English</subfield>
  </datafield>
  <datafield tag="500" ind1="0" ind2="0">
   <subfield code="a">A newly compiled practical English-Chinese library of traditional Chinese medicine</subfield>
  </datafield>
  <datafield tag="501" ind1="0" ind2="0">
   <subfield code="a">FMHS</subfield>
  </datafield>
  <datafield tag="650" ind1="0" ind2="0">
   <subfield code="a">Gynecology -- </subfield>
   <subfield code="z">China </subfield>
  </datafield>
  <datafield tag="650" ind1="0" ind2="0">
   <subfield code="a">Gynecology -- </subfield>
   <subfield code="x">Formulae, receipts, prescriptions. Medicine, Chinese </subfield>
  </datafield>
  <datafield tag="700" ind1="1" ind2="1">
   <subfield code="a">Yong, </subfield>
   <subfield code="h">Tan </subfield>
  </datafield>
  <datafield tag="700" ind1="1" ind2="1">
   <subfield code="a">Peili, </subfield>
   <subfield code="h">Cheng </subfield>
  </datafield>
  <datafield tag="700" ind1="1" ind2="1">
   <subfield code="a">Zhaoguo, </subfield>
   <subfield code="h">Li </subfield>
  </datafield>
 </record>
</collection>
